Central Library OPAC University of Rajshahi

The story of Nigeria / (Record no. 27211)

MARC details
000 -LEADER
fixed length control field 00698cam a2200241 a 4500
001 - CONTROL NUMBER
control field 27211
003 - CONTROL NUMBER IDENTIFIER
rucl marc code BD-RjUL
005 - DATE AND TIME OF LATEST TRANSACTION
control field 20211209051128.0
008 - FIXED-LENGTH DATA ELEMENTS--GENERAL INFORMATION
fixed length control field 140324s1966 enkabc b 001 0 eng
035 ## - SYSTEM CONTROL NUMBER
System control number (BD-RjUL)27283
System control number (BD-RjUL)
040 ## - CATALOGING SOURCE
Original cataloging agency LC
Language of cataloging eng
Transcribing agency LC
Modifying agency VU
-- BD-RjUL
041 ## - LANGUAGE CODE
Language code of text/sound track or separate title eng
082 04 - DEWEY DECIMAL CLASSIFICATION NUMBER
Classification number 966.9
Author mark and year CRS 1966
100 1# - MAIN ENTRY--PERSONAL NAME
Personal name Crowder, Michael.
Dates associated with a name 1934-1988.
9 (RLIN) 83506
245 04 - TITLE STATEMENT
Title The story of Nigeria /
Statement of responsibility, etc. by Michael Crowder.
260 ## - PUBLICATION, DISTRIBUTION, ETC. (IMPRINT)
Place of publication, distribution, etc. London :
Name of publisher, distributor, etc. Faber and Faber,
Date of publication, distribution, etc. c1966.
300 ## - PHYSICAL DESCRIPTION
Pagination 416 p. :
Illustrations illus., ports., maps. ;
Size 23 cm.
504 ## - BIBLIOGRAPHY, ETC. NOTE
Bibliography, etc Bibliography: p. 274-279 & Includes Index.
651 #0 - SUBJECT ADDED ENTRY--GEOGRAPHIC NAME
Geographic name Nigeria
General subdivision History.
9 (RLIN) 83507
942 ## - ADDED ENTRY ELEMENTS (KOHA)
Source of classification or shelving scheme Dewey Decimal Classification
Koha item type Books
Holdings
Lost status Source of classification or shelving scheme Damaged status Not for loan Collection code Permanent Location Current Location Shelving location Date acquired Source of acquisition Cost, normal purchase price Total Checkouts Full call number Date last seen Date checked out Copy number Koha item type
  Dewey Decimal Classification     Non-fiction Central Library, University of Rajshahi Central Library, University of Rajshahi   03/12/1968 Zeitlinger 32.60 1 966.9 CRS 1966 29/10/2023 12/10/2023 C-2 Books